000
00321nam a2200157Ia 4500
100
_a
Beiser/Arthur
250
_a
4
942
_c
BK
654
_a
Physics
245
_a
Concepts of Modern Physics
260
_b
McGraw Hill
_a
New York
_c
1987
082
_a
539
_b
BEI
300
_a
616
546
_a
ENGLISH
999
_c
24821
_d
24821